| 000 | 00363pab a2200145 454500 | ||
|---|---|---|---|
| 008 | 180718b1986 xxu||||| |||| 00| 0 eng d | ||
| 100 | _aIyengar, B.R.L. | ||
| 245 | _aGandhian approach | ||
| 260 | _c1986 | ||
| 300 | _a22-3,34 | ||
| 362 | _a15 Mar. | ||
| 650 | _aGandhi, Mohandas Karamchand - Criticism and Interpretation | ||
| 773 | _aMainstream | ||
| 909 | _a9062 | ||
| 999 |
_c9062 _d9062 |
||